000 00343nam a22001457a 4500
003 SGT
020 _a818974785-1
082 _a615.10
_bAHM
100 _aAHMAD, DR. QAZI SHOEB
245 _aPHARMACEUTICAL BIOSTATISTICS
260 _aINDIA
_bBIRLA PUB.
_c2025
300 _a338
650 _aPHARMACEUTICAL BIOSTATISTICS
942 _2ddc
_cBK
999 _c33027
_d33027